000 04461nam a2200349 a 4500
003 OSt
005 20250815142427.0
007 cr ||||||a|a|a
008 250808s2025 mx a|||fom||| 001 0 spa d
040 _erda
100 1 _aPérez Ibáñez, Daniel
_9190832
245 1 0 _aEvaluación del fertilizante orgánico Biofertilis en diferentes modalidades para el mejor aprovechamiento de la planta de higo (Ficus caricaL.) bajo invernadero/
_cpor Daniel Pérez Ibáñez; director de teis Samuel Sanchéz Dominguez; secretario Segundo Raúl Ayanegui Méndez; vocal José de Jesús Loyola; suplente Esteban Solórzano Vega; suplente Carlos Sánchez Abarca.
264 1 _aChapingo, México :
_bEl autor,
_c2024.
300 _a1 recurso en línea (64 páginas):
_bcuadros, figuras.
336 _2rdacontent
_atexto
_btxt
337 _2rdamedia
_acomputadora
_bc
338 _2rdacarrier
_arecurso en línea
_bcr
502 _bIAEF
_cFitotecnia
_d2024.
_gLIC
504 _aIncluye referencias bibliográficas: páginas 55-57.
520 _aMéxico está influenciado a una producción de fruta restringido por temporadas de cosecha, sin embargo, la demanda que hay en el mercado nacional e internacional nos orilla a buscar más alternativas de producción, como lo son los sistemas intensivos bajo cubiertas plásticas, donde el manejo del cultivo puede ser monitoreado para producir en diferentes temporadas del año. En la producción bajo sistemas intensivos es necesario tener una base para poder nutrir al cultivo y así poder obtener todo su potencial genético en el órgano de interés comercial. En la actualidad variedades presentes en el país, como Black Mission, Kadota, Gomez, y Netzahualcóyotl, son variedades partenocarpicas con un gran potencial para producir fruto fresco y seco que han abastecido la demanda que han generado debido a su alto contenido de azucares, minerales y antioxidantes, en mercados nacionales e internacionales, es por esto que en México se ha impulsado la producción de este cultivo en los últimos años, buscando diferentes alternativas para su mejor producción. En base a esto se planteó una investigación que sirva como alternativa para la producción eficiente del higo. El objetivo de este trabajo fue evaluar el comportamiento del cultivo de higo (Ficus carica L.) cv. Netzahualcóyotl bajo invernadero, en respuesta a la aplicación en tres diferentes modalidades a una misma dosis del biofertilizante SM-BIOFERTILIS®. Los tratamientos se aplicaron de forma foliar, drench, y drench + foliar. Las variables evaluadas fueron altura de planta, numero de hojas, diámetro de tallo, numero de entrenudos, numero de frutos, diámetro de fruto, y peso de fruto. El diseño usado fue completamente al azar con 5 repeticiones por tratamiento con 3 muestreo por repetición. Para la modalidad de foliar, se obtuvieron frutos con mejor tamaño, más grados Brix y una buena altura, siendo este tratamiento el que mejor resultados dio, las plantas que se les aplicó solo en drench, tuvieron un tallo más fuerte, grueso, mayor color en las hojas y con un crecimiento más rápido de tallos que los demás tratamientos, en el caso donde se aplicó drench + foliar, hubo un desequilibrio en los órganos de las plantas, pues unas presentaron mayor altura, otras mejores hojas, un tallo más grueso o mayor retención de fruto, sin embargo al recibir una dosis más alta provoco que la planta tuviera un crecimiento vegetativo excesivo y un bajo rendimiento. Los resultados obtenidos en este trabajo, remarcan la importancia de implementar alternativas para el desarrollo de cultivos, como los productos biorracionales, con los cuales podemos obtener una excelente producción sustentable, abarcando factores importantes como el económico, el ambiental y el ecológico.
650 4 _aBiofertilizantes
_xEvaluación
_9191048
650 4 _aHigo
_xFertilización
_9191049
650 4 _aHigo
_xRendimiento
_9130276
650 4 _aHigo
_xCultivos en invernadero
_9130277
700 1 _aSánchez Domínguez, Samuel
_9158308
_4presidente.
700 1 _aAyanegui Méndez, Segundo Raúl
_98993
_esecretario.
700 1 _aLoyola, José de Jesús
_968707
_evocal.
700 1 _aSolórzano Vega, Esteban
_9108505
_esuplente.
700 1 _aSánchez Abarca, Carlos
_esuplente.
_9107301
856 _uhttp://10.13.5.2/tesis/tl/1611888-2_PEREZ_IBANEZ_DANIEL.pdf
_zDESCARGAR PDF
942 _2Clasificación Universidad Autónoma Chapingo
_cTD
999 _c220785
_d220785